000 00870nam a2200229Ia 4500
005 20240530110944.0
008 140319s2021 ua a f 000 0 ara d
017 _a2021/3313
_bمصر. دار الكتب
020 _a9789778125955
040 _aGCL /
_cGCL
082 0 4 _221
_a006.3
_bس م
100 0 _aسعدى سلامى
245 1 0 _aمدخل الى خوارزميات الذكاء الاصطناعى والبحث العملياتى المتقدم :
_bتذكير نظرى وبرامج تطبيقية /
_cسعدى سلامى
250 _aط. 1
260 _aالقاهرة :
_bالمكتب العربى للمعارف،
_c2021.
300 _a162 ص. :
_bايض ؛
_c24 سم.
650 0 7 _aالمنطق
650 0 7 _aالذكاء الاصطناعى
650 0 7 _aخوارزميات
942 _2ddc
_cBK
999 _c66870
_d66870